La formación : reto de los años 80, estracto de la memoria del director de la OIT.

Na minha lista:
Detalhes bibliográficos
Autores corporativos: Centro Interamericano de Investigación y Documentación sobre Formación Profesional (CINTERFOR), Organización Internacional del Trabajo (OIT)
Formato: Livro
Idioma:espanhol
Assuntos:
Tags: Adicionar Tag
Sem tags, seja o primeiro a adicionar uma tag!

MARC

LEADER 00000cam^a2200000uu^4500
001 000457814
005 20250521000000.0
008 050901s1980^^^^^^^^^^^^rd^r^^000^0^spa^d
009 20260310124052.617
035 |a FCE 000000257 
035 |a FCE 000258 
037 |a Acervo ITESO - Biblioteca 
041 |a spa 
082 0 4 |a 378.013  |b CINf 
110 |a Centro Interamericano de Investigación y Documentación sobre Formación Profesional (CINTERFOR) 
245 1 3 |a La formación :  |b reto de los años 80, estracto de la memoria del director de la OIT. 
264 |a Montevideo :  |b CINTERFOR,  |c 1980. 
300 |a 60 p. 
336 |a texto  |b txt  |2 rdacontenido 
337 |a sin mediación  |b n  |2 rdamedio 
338 |a volumen  |b nc  |2 rdasoporte 
611 4 |a Informe de Conferencia 
649 |a XX 
650 |a Ensayo 
650 |a Formación profesional 
650 |a Memoria 
710 |a Organización Internacional del Trabajo (OIT) 
910 |a Fondo Centro de Estudios Educativos 
920 |a Impresos - Libros 
930 |a Fondos Especiales 
905 |a 133 
901 |a ALE000258  |b IT2  |c CEE  |u 20250521 
902 |a https://opac.biblio.iteso.mx/vufind/Record/000457814